| 000 | 00552nam a2200181Ia 4500 | ||
|---|---|---|---|
| 008 | 090124s9999 xx 000 0 und d | ||
| 082 |
_b8259 _a1005 |
||
| 100 | _aनिसळ शांता | ||
| 245 | _a सौभाग्य कांक्षिणी | ||
| 250 | _a1 | ||
| 260 | _c1954 | ||
| 300 | _a57 | ||
| 600 | _aनिसळ शांता | ||
| 630 | _a सौभाग्य कांक्षिणी | ||
| 700 | _aनिसळ शांता | ||
| 730 | _a सौभाग्य कांक्षिणी | ||
| 942 | _cBOOK | ||
| 999 |
_c122200 _d122200 |
||